000 00890nam a2200253Ia 4500
003 OSt
005 20220923215630.0
006 a|||||r|||| 00| 0
007 ta
008 220922b |||||||| |||| 00| 0 hin d
024 _a180,404
037 _cTextual
040 _aARTS
_cARTS
_bhin
041 _2hin
_ahin
082 _aO152,2:g(NT), N0
100 _aवर्मा, राजकुमार, संपा.
245 0 _aहिन्दी नाटक और रंगमंच
246 _aHindī nāṭak aur rangahincha
260 _aइलाहाबाद
_b हिन्दीस्तानी एकेडेमी
_c1990
300 _a200 पृ.
_ccm.
650 _aहिन्दी साहित्य
_9156264
942 _hO152,2:g(NT), N0
_cTEXL
_2CC
999 _c333782
_d333782